| 000 | 01447nab a22002535a 4500 | ||
|---|---|---|---|
| 005 | 20240415115144.0 | ||
| 007 | cu || ||||n | ||
| 008 | 240415t2024 xxk f | o000 0 eng | | ||
| 041 | 0 | _aeng | |
| 245 | 0 | 0 |
_aG&A Gorrara Ltd v Kenilworth Court Block E RTM Co Ltd _h[electronic resource] |
| 260 |
_a[2024] UKUT 81 (LC), _bUpper Tribunal (Lands Chamber), _c8 April 2024 |
||
| 520 | _a[2024] UKUT 81 (LC), 8 April 2024. The tribunal considered the meaning of the Landlord and Tenant Act 1985 s.27A(5) and the regulation of variable service charges, looking in particular at the phrase "only of having made any payment". The word "only" meant absent any other circumstances; and "any payment" did not mean any single payment or any one payment. The case also dealt with the provisions in the Commonhold and Leasehold Reform Act 2002 which give certain long leaseholders of flats the right to take over the management of their block from their landlord through a limited company known as an RTM company. | ||
| 650 | 0 | _aCOMMONHOLD AND LEASEHOLD REFORM ACT 2002 | |
| 650 | 0 | _aESTOPPEL | |
| 650 | 0 | _aLANDLORD AND TENANT | |
| 650 | 0 | _aLANDLORD AND TENANT ACT 1985 | |
| 650 | 0 | _aRESIDENTIAL PROPERTY | |
| 650 | 0 | _aRIGHT TO MANAGE | |
| 650 | 0 | _aSERVICE CHARGES | |
| 651 | 4 | _aUnited Kingdom | |
| 690 |
_aLandlord and tenant _96252 |
||
| 856 | 4 | 0 |
_uhttps://www.bailii.org/uk/cases/UKUT/LC/2024/81.html _zAvailable on BAILII |
| 942 |
_n0 _2ddc |
||
| 999 |
_c121901 _d121901 |
||